Most Populous Counties in Each State - Extreme - Statistics

General Stats
  • This quiz has been taken 7 times
  • The average score is 50 of 150
Answer Stats
State Population Answer % Correct
California 10,014,009 Los Angeles
100%
California 3,298,634 San Diego
100%
Arizona 4,420,568 Maricopa
83%
Florida 2,701,767 Miami-Dade
83%
California 3,186,989 Orange
83%
New York 2,405,464 Queens
83%
Missouri 1,004,125 St. Louis County
83%
Alaska 291,247 Anchorage
67%
Maryland 854,535 Baltimore County
67%
Nevada 2,265,461 Clark
67%
Georgia 766,149 Cobb
67%
Illinois 5,275,541 Cook
67%
Ohio 1,264,817 Cuyahoga
67%
Hawaii 1,016,508 Honolulu
67%
Washington 2,269,675 King
67%
New York 2,736,074 Kings (Brooklyn)
67%
Wisconsin 939,489 Milwaukee
67%
New York 1,694,251 New York (Manhattan)
67%
Texas 2,613,539 Dallas
50%
Tennessee 715,884 Davidson
50%
Colorado 715,522 Denver
50%
Illinois 932,877 DuPage
50%
Alaska 95,655 Fairbanks North Star
50%
Georgia 1,066,710 Fulton
50%
Ohio 830,639 Hamilton
50%
Texas 4,731,145 Harris
50%
Connecticut 899,498 Hartford
50%
Hawaii 200,629 Hawaii
50%
Delaware 181,851 Kent
50%
Indiana 977,203 Marion
50%
Hawaii 164,754 Maui
50%
Delaware 570,719 New Castle
50%
Connecticut 864,835 New Haven
50%
Oklahoma 796,292 Oklahoma
50%
Pennsylvania 1,603,797 Philadelphia
50%
Arizona 1,043,433 Pima
50%
Rhode Island 660,741 Providence
50%
Utah 1,185,238 Salt Lake
50%
Tennessee 929,744 Shelby
50%
Oklahoma 669,279 Tulsa
50%
Nevada 486,492 Washoe
50%
Michigan 1,793,561 Wayne
50%
Pennsylvania 1,250,578 Allegheny
33%
Indiana 385,410 Allen
33%
Colorado 655,070 Arapahoe
33%
Arkansas 284,333 Benton
33%
Florida 1,944,375 Broward
33%
Wisconsin 561,504 Dane
33%
Mississippi 185,314 DeSoto
33%
Colorado 730,395 El Paso
33%
New Jersey 863,728 Essex
33%
Virginia 1,150,309 Fairfax County
33%
Connecticut 957,419 Fairfield
33%
Ohio 1,323,807 Franklin
33%
Georgia 957,062 Gwinnett
33%
Mississippi 208,621 Harrison
33%
Minnesota 1,281,565 Hennepin
33%
Mississippi 227,742 Hinds
33%
Missouri 717,204 Jackson
33%
Alabama 674,721 Jefferson
33%
Kentucky 782,969 Jefferson
33%
Kansas 609,863 Johnson
33%
Tennessee 478,971 Knox
33%
Illinois 714,342 Lake
33%
Indiana 498,700 Lake
33%
Wyoming 100,512 Laramie
33%
Michigan 881,217 Macomb
33%
Alabama 388,153 Madison
33%
Alaska 107,081 Matanuska-Susitna
33%
North Carolina 1,115,482 Mecklenburg
33%
Alabama 414,809 Mobile
33%
Oregon 815,428 Multnomah
33%
Michigan 1,274,395 Oakland
33%
Louisiana 383,997 Orleans
33%
Arizona 425,264 Pinal
33%
Maryland 967,201 Prince George's
33%
Arkansas 399,125 Pulaski
33%
Delaware 237,378 Sussex
33%
North Carolina 1,129,410 Wake
33%
Arkansas 245,871 Washington
33%
Massachusetts 862,111 Worcester
33%
Idaho 494,467 Ada
17%
New Jersey 955,732 Bergen
17%
West Virginia 122,076 Berkeley
17%
New Mexico 676,444 Bernalillo
17%
North Dakota 98,458 Burleigh
17%
Wyoming 47,026 Campbell
17%
Idaho 231,105 Canyon
17%
North Dakota 184,525 Cass
17%
South Carolina 408,235 Charleston
17%
Vermont 168,323 Chittenden
17%
Oregon 421,401 Clackamas
17%
Oklahoma 295,528 Cleveland
17%
Maine 303,069 Cumberland
17%
Minnesota 439,882 Dakota
17%
Utah 362,679 Davis
17%
New Mexico 219,561 Dona Ana
17%
Nebraska 584,526 Douglas
17%
Louisiana 456,781 East Baton Rouge
17%
Massachusetts 809,829 Essex
17%
Kentucky 322,570 Fayette
17%
Montana 118,960 Gallatin
17%
North Dakota 73,170 Grand Forks
17%
South Carolina 525,534 Greenville
17%
North Carolina 541,299 Guilford
17%
New Hampshire 422,937 Hillsborough
17%
Louisiana 440,781 Jefferson
17%
West Virginia 180,745 Kanawha
17%
Rhode Island 170,363 Kent
17%
Idaho 171,362 Kootenai
17%
Nebraska 322,608 Lancaster
17%
South Dakota 65,161 Lincoln
17%
Iowa 230,299 Linn
17%
Nevada 59,235 Lyon
17%
New Hampshire 153,808 Merrimack
17%
Massachusetts 1,632,002 Middlesex
17%
New Jersey 863,162 Middlesex
17%
South Dakota 197,214 Minnehaha
17%
Montana 117,922 Missoula
17%
West Virginia 105,822 Monongalia
17%
Maryland 1,062,061 Montgomery
17%
Pennsylvania 856,553 Montgomery
17%
Wyoming 79,955 Natrona
17%
Florida 1,492,191 Palm Beach
17%
South Dakota 109,222 Pennington
17%
Maine 152,199 Penobscot
17%
Washington 921,130 Pierce
17%
Iowa 492,401 Polk
17%
Virginia 482,204 Prince William
17%
Minnesota 552,352 Ramsey
17%
South Carolina 416,147 Richland
17%
New Hampshire 314,176 Rockingham
17%
Vermont 60,572 Rutland
17%
New Mexico 154,823 Santa Fe
17%
Nebraska 190,604 Sarpy
17%
Iowa 174,669 Scott
17%
Kansas 523,824 Sedgwick
17%
Kansas 178,909 Shawnee
17%
Washington 827,957 Snohomish
17%
Missouri 405,262 St. Charles
17%
Texas 2,110,640 Tarrant
17%
Utah 659,399 Utah
17%
Virginia 459,470 Virginia Beach
17%
Oregon 600,372 Washington
17%
Rhode Island 129,839 Washington
17%
Vermont 59,807 Washington
17%
Wisconsin 406,978 Waukesha
17%
Montana 164,731 Yellowstone
17%
Maine 211,972 York
17%
Kentucky 169,064 Kenton
0%
No matching quizzes found
Score Distribution
Percent of People with Each Score
Percentile by Number Answered
Your Score History
You have not taken this quiz